100 Χρόνια Ε.Β.Ε.Α. 1919-2019: Σε 8 Λεπτά η Ίδρυση Επιχείρησης στο Ε.Β.Ε.Α. (Record no. 8966)
[ view plain ]
| 000 -LEADER | |
|---|---|
| fixed length control field | 01519cam a22001814a 4500 |
| 005 - ΗΜΕΡΟΜΗΝΙΑ ΚΑΙ ΩΡΑ ΤΕΛΕΥΤΑΙΑΣ ΕΝΗΜΕΡΩΣΗΣ | |
| Πεδίο ελέγχου | 20250605164349.0 |
| 008 - FIXED-LENGTH DATA ELEMENTS--GENERAL INFORMATION | |
| Πεδίο ελέγχου σταθερού μήκους | 250528s ||||||||||||||||||||||||d |
| 035 ## - SYSTEM CONTROL NUMBER | |
| System control number | 24066 |
| 040 ## - ΠΗΓΗ ΚΑΤΑΛΟΓΟΓΡΑΦΗΣΗΣ | |
| Φορέας πρωτότυπης καταλογογράφησης | MC Athens Campus Library |
| Γλώσσα καταλογογράφησης | Ελληνικά, Μοντέρνα (1453-) |
| Modifying agency | MC Athens Campus Library |
| Κανόνες περιγραφικής καταλογογράφησης | AACR2 |
| 245 1# - ΤΙΤΛΟΣ ΚΑΙ ΔΗΛΩΣΗ ΥΠΕΥΘΥΝΟΤΗΤΑΣ | |
| Τίτλος | 100 Χρόνια Ε.Β.Ε.Α. 1919-2019: Σε 8 Λεπτά η Ίδρυση Επιχείρησης στο Ε.Β.Ε.Α. |
| 260 ## - PUBLICATION, DISTRIBUTION, ETC. | |
| Name of publisher, distributor, etc. | Εμπορικό Και Βιομηχανικό Επιμελητήριο Αθηνών, |
| Date of publication, distribution, etc. | 2019 |
| 300 ## - PHYSICAL DESCRIPTION | |
| Extent | 64 |
| 520 ## - SUMMARY, ETC. | |
| Summary, etc. | Μνημόνιο Συνεργασίας Κ.Ε.Ε. - Δικτύου Ελληνικών Πόλεων για την Ανάπτυξη, Αντιπροσωπεία από Επιμελητήρια των Η.Π.Α. στο Ε.Β.Ε.Α., Η Ενίσχυση του Βιομηχανικού Ιστού Αποτελεί Κυρίαρχο Ζητούμενο στο Πλαίσιο του Παραγωγικού Μετασχηματισμού, CureCancer: Υπηρεσία Υγείας στην Ψηφιακή Εποχή, Πέντε Παρεμβάσεις για την Ανάπτυξη της Βιομηχανίας, Η Ελλάδα Γίνεται Ενεργειακός Κόμβος με τους Αγωγούς TAP και IGB, Άντεξαν οι Εξαγωγές Προϊόντων με Άνοδο 3,1% τον Οκτώμβριο, Το Εθνικό Σχέδιο για την Ενέργεια και το Κλίμα. |
| 700 1# - ΠΡΟΣΘΕΤΗ ΑΝΑΓΡΑΦΗ--ΦΥΣΙΚΟ ΠΡΟΣΩΠΟ | |
| Personal name | Μίχαλος Κωνσταντίνος |
| 9 (RLIN) | 4319 |
| 942 ## - ADDED ENTRY ELEMENTS (KOHA) | |
| Koha item type | Περιοδικά Δημοσιεύματα |
| Τύπος τεκμηρίου | Βιβλιοθήκη | Τρέχουσα τοποθεσία | Barcode | Ημερομηνία απόκτησης | Ταξιθετικό σύμβολο | Αριθμός αντιτύπου | Αρίθμηση σειρών / χρονολογία | Κατάσταση απόσυρσης | Κατάσταση χαμένου | Κατάσταση κατεστραμμένου | Μη δανεισμός | Σύνολο δανεισμών | Ημερομηνία τελευταίας εμφάνισης | Η τιμή ισχύει από |
|---|---|---|---|---|---|---|---|---|---|---|---|---|---|---|
| Περιοδικά Δημοσιεύματα | MC Athens Campus Library | MC Athens Campus Library | 9780000089656 | 05/06/2025 | ΑΝΑΠΤΥΞΗ | 1 | 2 | 05/06/2025 | 05/06/2025 |